header

Recent advances and new species in aquaculture (Record no. 122685)

MARC details
000 -LEADER
fixed length control field 01762nam a2200373 a 4500
082 04 - DEWEY DECIMAL CLASSIFICATION NUMBER
Classification number 639.8
245 00 - TITLE STATEMENT
Title Recent advances and new species in aquaculture
260 ## - PUBLICATION, DISTRIBUTION, ETC. (IMPRINT)
Place of publication Chichester, U.K. :
Name of publisher Wiley-Blackwell,
Year of publication 2011.
300 ## - PHYSICAL DESCRIPTION
Number of Pages xiii, 397 p., [14] p. of plates :
Other physical details ill. (some col.)
505 0# - FORMATTED CONTENTS NOTE
Formatted contents note A global review of spiny lobster aquaculture -- Slipper lobsters -- Mud crab aquaculture -- Penaeid prawns -- Cobia culture -- Barramundi aquaculture -- Abalone culture -- Seaweed aquaculture, utilisation, and a review of cultivation in Latin America -- Marine ornamental fish culture -- Tilapia -- Carp polyculture in India -- Future directions.
650 #0 - SUBJECT ADDED ENTRY--TOPICAL TERM
Topical Term Aquaculture.
700 1# - ADDED ENTRY--PERSONAL NAME
Personal name Fotedar, Ravi K.
Personal name Phillips, Bruce F.
856 40 - ELECTRONIC LOCATION AND ACCESS
Uniform Resource Identifier http://site.ebrary.com/lib/rucke/Doc?id=10483299

No items available.

© 2026 Rongo University
Contact us: librarian | system librarian | Rongo university